| 000 | 00879nam0a22002411i 4500 | ||
|---|---|---|---|
| 001 | rc\2361153 | ||
| 005 | 20240726010245.0 | ||
| 035 | _a(NLR Aleph) 006595477 | ||
| 090 |
_a7191667 _c7191667 |
||
| 100 | _a20110829d1977 |||y0rusy50 ca | ||
| 101 | 0 | _arus | |
| 102 | _aRU | ||
| 105 | _ay d ||||| | ||
| 200 | 1 |
_aОптимизация структуры энергосистем небольшой мощности _e(Иордания) _eАвтореф. дис. на соиск. учен. степени канд. техн. наук _e(05.14.01) _fМоск. энерг. ин-т |
|
| 210 |
_aМосква _d1977 |
||
| 215 |
_a18 с. _cграф. |
||
| 700 | 1 |
_aХаддадин _bХ.Ж. _gХашем Жерес |
|
| 801 | 0 |
_aRU _bNLR _gpsbo |
|
| 801 | 1 |
_aRU _bELAR _2rusmarc |
|
| 852 |
_aNLR _j78-4/4385 |
||
| 899 |
_aRuMoRGB _jДр 355/2008 |
||
| 899 |
_aRuMoRGB _jДр 355/2009 |
||
| 942 | _cBOOK | ||